| 000 | 00604nam a2200217Ii 4500 | ||
|---|---|---|---|
| 003 | JO-AjNU | ||
| 008 | 230606s9999||||xx |||||||||||||| ||und|| | ||
| 020 | _a978-81-265-4000-6 | ||
| 040 |
_aJO-AjNU _beng _erda _cJO-AjNU |
||
| 041 | _aeng | ||
| 050 | 1 | 4 | _aTC145.R59.2013 |
| 100 | 3 |
_aRoberson,John/John Cassidy/hanif chaudhry, _eauthor _94999 |
|
| 245 | 0 | 0 | _aHydraulic Engineering |
| 250 | _a2 ed | ||
| 264 | 3 | 1 | _aWiley,2013 |
| 300 | _a652p | ||
| 336 |
_atext _btxt _2rdacontent |
||
| 337 |
_aunmediated _bn _2rdamedia |
||
| 338 |
_avolume _bnc _2rdacarrier |
||
| 650 | 4 |
_aHydraulic Engineering _95000 |
|
| 999 |
_aE2585 _c2583 _d2583 |
||